Vista normal
Vista MARC
Entrada Personal Name
Número de registros utilizados en: 1
001 - CONTROL NUMBER
- control field: 17347
003 - CONTROL NUMBER IDENTIFIER
- control field: DLC
005 - DATE AND TIME OF LATEST TRANSACTION
- control field: 20250718121435.0
008 - FIXED-LENGTH DATA ELEMENTS
- fixed length control field: 100922n| acannaabn |a aaa
010 ## - LIBRARY OF CONGRESS CONTROL NUMBER
- LC control number: n 2010062887
040 ## - CATALOGING SOURCE
- Original cataloging agency: DLC
- Language of cataloging: spa
- Transcribing agency: Mx-PuUPA
- Modifying agency: Mx-PuUPA
- Description conventions: rda
046 ## - SPECIAL CODED DATES
- Birth date: 1966
- Death date: 2009
100 1# - HEADING--PERSONAL NAME
- Personal name: Domínguez, Pablo,
- Dates associated with a name: 1966-2009
374 ## - OCCUPATION
- Occupation: Autor
375 ## - GENDER
- Gender: hombre
377 ## - ASSOCIATED LANGUAGE
- Language code: spa
400 1# - SEE FROM TRACING--PERSONAL NAME
- Personal name: Domínguez Prieto, Pablo,
- Dates associated with a name: 1966-2009
400 1# - SEE FROM TRACING--PERSONAL NAME
- Personal name: Prieto, Pablo Domínguez,
- Dates associated with a name: 1966-2009
670 ## - SOURCE DATA FOUND
- Source citation: En la escuela del Logos, 2010:
- Information found: t.p. (Pablo Domínguez) p. 31, etc. (b. July 3, 1966, Madrid; priest; doctor of philosophy; deacon of Facultad de Teologia San Damaso; d. 2009)